Normal view
MARC view
- تطور التربية الفنية-الآلهة والحرفة- تخطيط -هدف التربية الفنية
Entry Topical Term
001 - CONTROL NUMBER
- control field: 38121
003 - CONTROL NUMBER IDENTIFIER
- control field: JO-AjAnu
005 - DATE AND TIME OF LATEST TRANSACTION
- control field: 20230606080342.0
008 - FIXED-LENGTH DATA ELEMENTS
- fixed length control field: 230606|| aca||aabn | a|a d
040 ## - CATALOGING SOURCE
- Original cataloging agency: JO-AjAnu
- Transcribing agency: JO-AjAnu
150 ## - HEADING--TOPICAL TERM
- Topical term or geographic name entry element: تطور التربية الفنية-الآلهة والحرفة- تخطيط -هدف التربية الفنية
670 ## - SOURCE DATA FOUND
- Source citation: Work cat.: (JO-AjAnu)19557: البسيوني، محمود تأليف , author 38120, أصول التربية الفنية : تاريخها أهدافها مناهجها خططها دروسها معارضها وأساليب تقويمها